000 00471nam a2200181 i 4500
001 bg
100 1 _aMATTUCK, Richard D.
245 0 _aA guide to Feynman diagrams in the manybody problem /
_cRichard D. Mattuck.
250 _aEdit. 2.
260 _aNew York :
_bMcGraw-Hill Book Company,
_c1976.
020 _a0070409544
040 _cBPK
041 _apol
080 _a53
920 _a0-07-040954-4
942 _cKS
008 s pl f |000 0 pol
999 _c27631
_d27631
856 _uhttp://koha.tu.koszalin.pl/cgi-bin/koha/opac-detail.pl?biblionumber=27631
_yKatalog online BPK